LEADER 02275 am 22005173u 450 001 9910220030803321 005 20210806084736.0 010 $a9783205205852$q(PDF ebook) 010 $a3205205855$q(PDF ebook) 010 $z9783205202929$q(paperback) 010 $z3205202929$q(paperback) 024 7 $a10.26530/oapen_628294 035 $a(CKB)3800000000216469 035 $a(OAPEN)628294 035 $a(EXLCZ)993800000000216469 100 $a20200127h20172017 fy 0 101 0 $ager 135 $auruu#---auuuu 181 $ctxt$2rdacontent 182 $cc$2rdamedia 183 $acr$2rdacarrier 200 14$aDas schwarze Wien $eBautätigkeit im Ständestaat 1934-1938 /$fAndreas Suttner 210 1$aWien ;$aKöln :$cBöhlau Verlag,$d[2017] 210 4$d©2017 215 $a1 online resource (295 pages) $cillustrations (black and white); digital file(s) 311 08$aPrint version: Suttner, Andreas. Das schwarze Wien: bautätigkeit im ständestaat 1934-1938. Wien ; Ko?ln ; Weimar : Bo?hlau Verlag, 2017 9783205202929 3205202929 320 $aIncludes bibliographical references and index. 330 $aThis book deals with the housing- and settlement-policy of the authoritarian Austrian Corporate State (Staendestaat) in Vienna between 1934 and 1938. National and international dialogues led to building strategies for a car-friendly city. Different types of flats, settlements and administration buildings will be shown, as well as planned monumental buildings of the unity party Fatherland Front (Vaterlaendische Front). 606 $aArchitecture$xPolitical aspects$zAustria$zVienna$xHistory$y20th century 606 $aArchitecture$zAustria$zVienna$xHistory 606 $aCity planning$zAustria$zVienna$xHistory$y20th century 606 $aPolitics & government$2bicssc 608 $bElectronic books. 615 0$aArchitecture$xPolitical aspects$xHistory 615 0$aArchitecture$xHistory. 615 0$aCity planning$xHistory 615 7$aPolitics & government 676 $a720 686 $aZH 4920$2rvk 686 $aZH 4740$2rvk 700 $aSuttner$b Andreas$0887159 801 0$bUkMaJRU 906 $aBOOK 912 $a9910220030803321 996 $aDas schwarze Wien$91981548 997 $aUNINA LEADER 01175nam0 22002651i 450 001 UON00013359 005 20231205101943.315 100 $a20020107d1974 |0itac50 ba 101 $aeng 102 $aIN 105 $a|||| 1|||| 200 1 $aˆThe ‰periplus of the Erythraean Sea$eTravel and trade in the Indian Ocean by a merchant of the first century$ftranslated from the Greek and annotated by Wilfred H. Schoff 210 $aNew Delhi$cOriental Books Reprint Corporation$d1974 215 $a323 p., 1 carta rip.$cill.$d22 cm 606 $aVIAGGI E VIAGGIATORI$xOCEANO INDIANO$xSEC. I$3UONC005145$2FI 620 $aIN$dNew Delhi$3UONL000110 686 $aINT VIII B$cINTERAREALE - VIAGGI$2A 702 1$aSCHOFF$bWilfred H.$3UONV010652 712 $aOriental Books Reprint Corporation$3UONV246667$4650 801 $aIT$bSOL$c20240220$gRICA 899 $aSIBA - SISTEMA BIBLIOTECARIO DI ATENEO$2UONSI 912 $aUON00013359 950 $aSIBA - SISTEMA BIBLIOTECARIO DI ATENEO$dSI INT VIII B 007 $eSI SA 34882 5 007 996 $aPeriplus of the Erythraean sea$984136 997 $aUNIOR